[Event "Titled Tuesday intern op 2nd Febr"]
[Site "Chess.com INT"]
[Date "2019.02.05"]
[Round "5"]
[White "Shah, Fenil Piyush"]
[Black "Wanyama, Harold"]
[Result "1-0"]
[WhiteElo "2224"]
[BlackElo "2318"]
[PlyCount "55"]
[EventDate "2019.02.05"]
[EventType "swiss (blitz)"]
[EventRounds "10"]
[EventCountry "USA"]
[SourceTitle "EXT 2021"]
[Source "ChessBase"]
[SourceDate "2020.10.23"]
[SourceVersion "1"]
[SourceVersionDate "2020.10.23"]
[SourceQuality "1"]

1. e4 c5 2. Nf3 e6 3. c3 Nf6 4. e5 Nd5 5. d4 cxd4 6. cxd4 d6 7. a3 Nc6 8. Bd3 Be7 9. 0-0 0-0 10. Qc2 g6 11. Bh6 Re8 12. Nbd2 Bd7 13. b4 Rc8 14. Qb2 dxe5 15. dxe5 Qc7 16. Ne4 Rcd8 17. Rac1 Qb8 18. Bc4 Nb6 19. Nd6 Bxd6 20. exd6 e5 21. Bxf7+ Kxf7 22. Ng5+ Kf6 23. Nxh7+ Kf7 24. Ng5+ Kf6 25. f4 Bf5 26. Qb3 Rd7 27. fxe5+ Nxe5 28. Ne4# 1-0